<?xml version="1.0" encoding="UTF-8"?>
<record
    xmlns:xsi="http://www.w3.org/2001/XMLSchema-instance"
    xsi:schemaLocation="http://www.loc.gov/MARC21/slim http://www.loc.gov/standards/marcxml/schema/MARC21slim.xsd"
    xmlns="http://www.loc.gov/MARC21/slim">

  <leader>01192nas a2200265 454500</leader>
  <controlfield tag="001">19650</controlfield>
  <controlfield tag="005">20260407193505.0</controlfield>
  <controlfield tag="008">260407s1993####ag###########|||spa#d</controlfield>
  <controlfield tag="003">AR-UNSa-BCEJYS</controlfield>
  <datafield tag="040" ind1=" " ind2=" ">
    <subfield code="a">AR-UNSa-BCEJYS</subfield>
    <subfield code="b">spa</subfield>
    <subfield code="c">AR-UNSa-BCEJYS</subfield>
  </datafield>
  <datafield tag="080" ind1=" " ind2=" ">
    <subfield code="a">02</subfield>
    <subfield code="x">Biblioteconom&#xED;a. Bibliotecolog&#xED;a</subfield>
  </datafield>
  <datafield tag="245" ind1="1" ind2="0">
    <subfield code="a">Bolet&#xED;n Infolac</subfield>
  </datafield>
  <datafield tag="022" ind1=" " ind2=" ">
    <subfield code="a">0798-5037</subfield>
  </datafield>
  <datafield tag="264" ind1=" " ind2="1">
    <subfield code="a">Caracas :</subfield>
    <subfield code="b">Organizaci&#xF3;n de las Naciones Unidas para la Educaci&#xF3;n, la Ciencia y la Cultura, Red de Informaci&#xF3;n de Am&#xE9;rica Latina y el Caribe</subfield>
    <subfield code="c">1993</subfield>
  </datafield>
  <datafield tag="310" ind1=" " ind2=" ">
    <subfield code="a">Frecuencia: Trimestral
Port: Bolet&#xED;n trimestral del programa regional para el fortalecimiento de la cooperaci&#xF3;n entre redes y sistemas nacionales de informaci&#xF3;n para Am&#xE9;rica Latina y el Caribe</subfield>
  </datafield>
  <datafield tag="942" ind1=" " ind2=" ">
    <subfield code="c">SER</subfield>
  </datafield>
  <datafield tag="590" ind1=" " ind2=" ">
    <subfield code="a">niveau_biblio:s niveau_hierar:1</subfield>
  </datafield>
  <datafield tag="100" ind1="1" ind2=" ">
    <subfield code="a">Organizaci&#xF3;n de las Naciones Unidas para la Educaci&#xF3;n, la Ciencia y la Cultura (UNESCO)</subfield>
  </datafield>
  <datafield tag="700" ind1="1" ind2=" ">
    <subfield code="a">Fern&#xE1;ndez-Aball&#xED;, Isidro</subfield>
  </datafield>
  <datafield tag="650" ind1=" " ind2=" ">
    <subfield code="a">Biblioteca</subfield>
  </datafield>
  <datafield tag="650" ind1=" " ind2=" ">
    <subfield code="a">Automatizaci&#xF3;n de bibliotecas</subfield>
  </datafield>
  <datafield tag="650" ind1=" " ind2=" ">
    <subfield code="a">Base de datos</subfield>
  </datafield>
  <datafield tag="650" ind1=" " ind2=" ">
    <subfield code="a">SISTEMAS DE INFORMACION</subfield>
  </datafield>
  <datafield tag="856" ind1="4" ind2="1">
    <subfield code="u">https://biblioeco.unsa.edu.ar/pmb/images/revistas/Infolac.jpg</subfield>
    <subfield code="y">Imagen de portada</subfield>
    <subfield code="q">image/jpeg</subfield>
  </datafield>
  <datafield tag="999" ind1=" " ind2=" ">
    <subfield code="c">8530</subfield>
    <subfield code="d">8530</subfield>
  </datafield>
  <datafield tag="952" ind1=" " ind2=" ">
    <subfield code="0">0</subfield>
    <subfield code="1">0</subfield>
    <subfield code="4">0</subfield>
    <subfield code="7">0</subfield>
    <subfield code="a">BCEJYS</subfield>
    <subfield code="b">BCEJYS</subfield>
    <subfield code="c">17</subfield>
    <subfield code="d">2007-01-01</subfield>
    <subfield code="h">Vol. 20, N&#xBA; 1 - ene./abr. 2007</subfield>
    <subfield code="l">0</subfield>
    <subfield code="o">H02 INF v20.n1</subfield>
    <subfield code="p">R09344</subfield>
    <subfield code="r">2026-04-10 16:07:55</subfield>
    <subfield code="w">2026-04-10</subfield>
    <subfield code="y">RN</subfield>
  </datafield>
  <datafield tag="952" ind1=" " ind2=" ">
    <subfield code="0">0</subfield>
    <subfield code="1">0</subfield>
    <subfield code="4">0</subfield>
    <subfield code="7">0</subfield>
    <subfield code="a">BCEJYS</subfield>
    <subfield code="b">BCEJYS</subfield>
    <subfield code="c">17</subfield>
    <subfield code="d">2006-10-01</subfield>
    <subfield code="h">Vol. 19, N&#xBA; 4 - oct./dic. 2006</subfield>
    <subfield code="l">0</subfield>
    <subfield code="o">H02 INF v19.n4</subfield>
    <subfield code="p">R09347</subfield>
    <subfield code="r">2026-04-10 16:07:55</subfield>
    <subfield code="w">2026-04-10</subfield>
    <subfield code="y">RN</subfield>
  </datafield>
  <datafield tag="952" ind1=" " ind2=" ">
    <subfield code="0">0</subfield>
    <subfield code="1">0</subfield>
    <subfield code="4">0</subfield>
    <subfield code="7">0</subfield>
    <subfield code="a">BCEJYS</subfield>
    <subfield code="b">BCEJYS</subfield>
    <subfield code="c">17</subfield>
    <subfield code="d">2006-07-01</subfield>
    <subfield code="h">Vol. 19, N&#xBA; 3 - jul./sep. 2006</subfield>
    <subfield code="l">0</subfield>
    <subfield code="o">H02 INF v19.n3</subfield>
    <subfield code="p">R01926</subfield>
    <subfield code="r">2026-04-10 16:07:55</subfield>
    <subfield code="w">2026-04-10</subfield>
    <subfield code="y">RN</subfield>
  </datafield>
  <datafield tag="952" ind1=" " ind2=" ">
    <subfield code="0">0</subfield>
    <subfield code="1">0</subfield>
    <subfield code="4">0</subfield>
    <subfield code="7">0</subfield>
    <subfield code="a">BCEJYS</subfield>
    <subfield code="b">BCEJYS</subfield>
    <subfield code="c">17</subfield>
    <subfield code="d">2006-04-01</subfield>
    <subfield code="h">Vol. 19, N&#xBA; 2 - abr./jun. 2006</subfield>
    <subfield code="l">0</subfield>
    <subfield code="o">H02 INF v19.n2</subfield>
    <subfield code="p">R01868</subfield>
    <subfield code="r">2026-04-10 16:07:55</subfield>
    <subfield code="w">2026-04-10</subfield>
    <subfield code="y">RN</subfield>
  </datafield>
  <datafield tag="952" ind1=" " ind2=" ">
    <subfield code="0">0</subfield>
    <subfield code="1">0</subfield>
    <subfield code="4">0</subfield>
    <subfield code="7">0</subfield>
    <subfield code="a">BCEJYS</subfield>
    <subfield code="b">BCEJYS</subfield>
    <subfield code="c">17</subfield>
    <subfield code="d">2006-01-01</subfield>
    <subfield code="h">Vol. 19, N&#xBA; 1 - ene./mar. 2006</subfield>
    <subfield code="l">0</subfield>
    <subfield code="o">H02 INF v19.n1</subfield>
    <subfield code="p">R01832</subfield>
    <subfield code="r">2026-04-10 16:07:55</subfield>
    <subfield code="w">2026-04-10</subfield>
    <subfield code="y">RN</subfield>
  </datafield>
  <datafield tag="952" ind1=" " ind2=" ">
    <subfield code="0">0</subfield>
    <subfield code="1">0</subfield>
    <subfield code="4">0</subfield>
    <subfield code="7">0</subfield>
    <subfield code="a">BCEJYS</subfield>
    <subfield code="b">BCEJYS</subfield>
    <subfield code="c">17</subfield>
    <subfield code="d">2005-10-01</subfield>
    <subfield code="h">Vol. 18, N&#xBA; 4 - oct./dic. 2005</subfield>
    <subfield code="l">0</subfield>
    <subfield code="o">H02 INF v18.n4</subfield>
    <subfield code="p">R09348</subfield>
    <subfield code="r">2026-04-10 16:07:55</subfield>
    <subfield code="w">2026-04-10</subfield>
    <subfield code="y">RN</subfield>
  </datafield>
  <datafield tag="952" ind1=" " ind2=" ">
    <subfield code="0">0</subfield>
    <subfield code="1">0</subfield>
    <subfield code="4">0</subfield>
    <subfield code="7">0</subfield>
    <subfield code="a">BCEJYS</subfield>
    <subfield code="b">BCEJYS</subfield>
    <subfield code="c">17</subfield>
    <subfield code="d">2005-07-01</subfield>
    <subfield code="h">Vol. 18, N&#xBA; 3 - jul./sep. 2005</subfield>
    <subfield code="l">0</subfield>
    <subfield code="o">H02 INF v18.n3</subfield>
    <subfield code="p">R01649</subfield>
    <subfield code="r">2026-04-10 16:07:55</subfield>
    <subfield code="w">2026-04-10</subfield>
    <subfield code="y">RN</subfield>
  </datafield>
  <datafield tag="952" ind1=" " ind2=" ">
    <subfield code="0">0</subfield>
    <subfield code="1">0</subfield>
    <subfield code="4">0</subfield>
    <subfield code="7">0</subfield>
    <subfield code="a">BCEJYS</subfield>
    <subfield code="b">BCEJYS</subfield>
    <subfield code="c">17</subfield>
    <subfield code="d">2005-04-01</subfield>
    <subfield code="h">Vol. 18, N&#xBA; 2 - abr./jun. 2005</subfield>
    <subfield code="l">0</subfield>
    <subfield code="o">H02 INF v18.n2</subfield>
    <subfield code="p">R01366</subfield>
    <subfield code="r">2026-04-10 16:07:55</subfield>
    <subfield code="w">2026-04-10</subfield>
    <subfield code="y">RN</subfield>
  </datafield>
  <datafield tag="952" ind1=" " ind2=" ">
    <subfield code="0">0</subfield>
    <subfield code="1">0</subfield>
    <subfield code="4">0</subfield>
    <subfield code="7">0</subfield>
    <subfield code="a">BCEJYS</subfield>
    <subfield code="b">BCEJYS</subfield>
    <subfield code="c">17</subfield>
    <subfield code="d">2005-01-01</subfield>
    <subfield code="h">Vol. 18, N&#xBA; 1 - ene./mar. 2005</subfield>
    <subfield code="l">0</subfield>
    <subfield code="o">H02 INF v18.n1</subfield>
    <subfield code="p">R00189</subfield>
    <subfield code="r">2026-04-10 16:07:55</subfield>
    <subfield code="w">2026-04-10</subfield>
    <subfield code="y">RN</subfield>
  </datafield>
  <datafield tag="952" ind1=" " ind2=" ">
    <subfield code="0">0</subfield>
    <subfield code="1">0</subfield>
    <subfield code="4">0</subfield>
    <subfield code="7">0</subfield>
    <subfield code="a">BCEJYS</subfield>
    <subfield code="b">BCEJYS</subfield>
    <subfield code="c">17</subfield>
    <subfield code="d">2004-10-01</subfield>
    <subfield code="h">Vol. 17, N&#xBA; 4 - oct./dic. 2004</subfield>
    <subfield code="l">0</subfield>
    <subfield code="o">H02 INF v17.n4</subfield>
    <subfield code="p">R00188</subfield>
    <subfield code="r">2026-04-10 16:07:55</subfield>
    <subfield code="w">2026-04-10</subfield>
    <subfield code="y">RN</subfield>
  </datafield>
  <datafield tag="952" ind1=" " ind2=" ">
    <subfield code="0">0</subfield>
    <subfield code="1">0</subfield>
    <subfield code="4">0</subfield>
    <subfield code="7">0</subfield>
    <subfield code="a">BCEJYS</subfield>
    <subfield code="b">BCEJYS</subfield>
    <subfield code="c">17</subfield>
    <subfield code="d">2004-07-01</subfield>
    <subfield code="h">Vol. 17, N&#xBA; 3 - jul./sep. 2004</subfield>
    <subfield code="l">0</subfield>
    <subfield code="o">H02 INF v17.n3</subfield>
    <subfield code="p">R00187</subfield>
    <subfield code="r">2026-04-10 16:07:55</subfield>
    <subfield code="w">2026-04-10</subfield>
    <subfield code="y">RN</subfield>
  </datafield>
  <datafield tag="952" ind1=" " ind2=" ">
    <subfield code="0">0</subfield>
    <subfield code="1">0</subfield>
    <subfield code="4">0</subfield>
    <subfield code="7">0</subfield>
    <subfield code="a">BCEJYS</subfield>
    <subfield code="b">BCEJYS</subfield>
    <subfield code="c">17</subfield>
    <subfield code="d">2004-01-01</subfield>
    <subfield code="h">Vol. 17, N&#xBA; 1 - ene./mar. 2004</subfield>
    <subfield code="l">0</subfield>
    <subfield code="o">H02 INF v17.n1</subfield>
    <subfield code="p">R09343</subfield>
    <subfield code="r">2026-04-10 16:07:55</subfield>
    <subfield code="w">2026-04-10</subfield>
    <subfield code="y">RN</subfield>
  </datafield>
  <datafield tag="952" ind1=" " ind2=" ">
    <subfield code="0">0</subfield>
    <subfield code="1">0</subfield>
    <subfield code="4">0</subfield>
    <subfield code="7">0</subfield>
    <subfield code="a">BCEJYS</subfield>
    <subfield code="b">BCEJYS</subfield>
    <subfield code="c">17</subfield>
    <subfield code="d">2003-10-01</subfield>
    <subfield code="h">Vol. 16, N&#xBA; 4 - oct./dic. 2003</subfield>
    <subfield code="l">0</subfield>
    <subfield code="o">H02 INF v16.n4</subfield>
    <subfield code="p">R09345</subfield>
    <subfield code="r">2026-04-10 16:07:55</subfield>
    <subfield code="w">2026-04-10</subfield>
    <subfield code="y">RN</subfield>
  </datafield>
  <datafield tag="952" ind1=" " ind2=" ">
    <subfield code="0">0</subfield>
    <subfield code="1">0</subfield>
    <subfield code="4">0</subfield>
    <subfield code="7">0</subfield>
    <subfield code="a">BCEJYS</subfield>
    <subfield code="b">BCEJYS</subfield>
    <subfield code="c">17</subfield>
    <subfield code="d">2003-07-01</subfield>
    <subfield code="h">Vol. 16, N&#xBA; 3 - jul./sep. 2003</subfield>
    <subfield code="l">0</subfield>
    <subfield code="o">H02 INF v16.n3</subfield>
    <subfield code="p">R00186</subfield>
    <subfield code="r">2026-04-10 16:07:55</subfield>
    <subfield code="w">2026-04-10</subfield>
    <subfield code="y">RN</subfield>
  </datafield>
  <datafield tag="952" ind1=" " ind2=" ">
    <subfield code="0">0</subfield>
    <subfield code="1">0</subfield>
    <subfield code="4">0</subfield>
    <subfield code="7">0</subfield>
    <subfield code="a">BCEJYS</subfield>
    <subfield code="b">BCEJYS</subfield>
    <subfield code="c">17</subfield>
    <subfield code="d">2003-04-01</subfield>
    <subfield code="h">Vol. 16, N&#xBA; 2 - abr./jun. 2003</subfield>
    <subfield code="l">0</subfield>
    <subfield code="o">H02 INF v16.n2</subfield>
    <subfield code="p">R00184</subfield>
    <subfield code="r">2026-04-10 16:07:55</subfield>
    <subfield code="w">2026-04-10</subfield>
    <subfield code="y">RN</subfield>
  </datafield>
  <datafield tag="952" ind1=" " ind2=" ">
    <subfield code="0">0</subfield>
    <subfield code="1">0</subfield>
    <subfield code="4">0</subfield>
    <subfield code="7">0</subfield>
    <subfield code="a">BCEJYS</subfield>
    <subfield code="b">BCEJYS</subfield>
    <subfield code="c">17</subfield>
    <subfield code="d">2003-01-01</subfield>
    <subfield code="h">Vol. 16, N&#xBA; 1 - ene./mar. 2003</subfield>
    <subfield code="l">0</subfield>
    <subfield code="o">H02 INF v16.n1</subfield>
    <subfield code="p">R00183</subfield>
    <subfield code="r">2026-04-10 16:07:55</subfield>
    <subfield code="w">2026-04-10</subfield>
    <subfield code="y">RN</subfield>
  </datafield>
  <datafield tag="952" ind1=" " ind2=" ">
    <subfield code="0">0</subfield>
    <subfield code="1">0</subfield>
    <subfield code="4">0</subfield>
    <subfield code="7">0</subfield>
    <subfield code="a">BCEJYS</subfield>
    <subfield code="b">BCEJYS</subfield>
    <subfield code="c">17</subfield>
    <subfield code="d">2002-10-01</subfield>
    <subfield code="h">Vol. 15, N&#xBA; 4 - oct./dic. 2002</subfield>
    <subfield code="l">0</subfield>
    <subfield code="o">H02 INF v15.n4</subfield>
    <subfield code="p">R00182</subfield>
    <subfield code="r">2026-04-10 16:07:55</subfield>
    <subfield code="w">2026-04-10</subfield>
    <subfield code="y">RN</subfield>
  </datafield>
  <datafield tag="952" ind1=" " ind2=" ">
    <subfield code="0">0</subfield>
    <subfield code="1">0</subfield>
    <subfield code="4">0</subfield>
    <subfield code="7">0</subfield>
    <subfield code="a">BCEJYS</subfield>
    <subfield code="b">BCEJYS</subfield>
    <subfield code="c">17</subfield>
    <subfield code="d">2002-07-01</subfield>
    <subfield code="h">Vol. 15, N&#xBA; 3 - jul./sep. 2002</subfield>
    <subfield code="l">0</subfield>
    <subfield code="o">H02 INF v15.n3</subfield>
    <subfield code="p">R09346</subfield>
    <subfield code="r">2026-04-10 16:07:55</subfield>
    <subfield code="w">2026-04-10</subfield>
    <subfield code="y">RN</subfield>
  </datafield>
  <datafield tag="952" ind1=" " ind2=" ">
    <subfield code="0">0</subfield>
    <subfield code="1">0</subfield>
    <subfield code="4">0</subfield>
    <subfield code="7">0</subfield>
    <subfield code="a">BCEJYS</subfield>
    <subfield code="b">BCEJYS</subfield>
    <subfield code="c">17</subfield>
    <subfield code="d">2000-10-01</subfield>
    <subfield code="h">Vol. 13, N&#xBA; 4 - oct./dic. 2000</subfield>
    <subfield code="l">0</subfield>
    <subfield code="o">H02 INF v13.n4</subfield>
    <subfield code="p">R09364</subfield>
    <subfield code="r">2026-04-10 16:07:55</subfield>
    <subfield code="w">2026-04-10</subfield>
    <subfield code="y">RN</subfield>
  </datafield>
  <datafield tag="952" ind1=" " ind2=" ">
    <subfield code="0">0</subfield>
    <subfield code="1">0</subfield>
    <subfield code="4">0</subfield>
    <subfield code="7">0</subfield>
    <subfield code="a">BCEJYS</subfield>
    <subfield code="b">BCEJYS</subfield>
    <subfield code="c">17</subfield>
    <subfield code="d">2000-01-01</subfield>
    <subfield code="h">Vol. 13, N&#xBA; 1 - ene./mar. 2000</subfield>
    <subfield code="l">0</subfield>
    <subfield code="o">H02 INF v13.n1</subfield>
    <subfield code="p">R00181</subfield>
    <subfield code="r">2026-04-10 16:07:55</subfield>
    <subfield code="w">2026-04-10</subfield>
    <subfield code="y">RN</subfield>
  </datafield>
  <datafield tag="952" ind1=" " ind2=" ">
    <subfield code="0">0</subfield>
    <subfield code="1">0</subfield>
    <subfield code="4">0</subfield>
    <subfield code="7">0</subfield>
    <subfield code="a">BCEJYS</subfield>
    <subfield code="b">BCEJYS</subfield>
    <subfield code="c">17</subfield>
    <subfield code="d">1998-07-01</subfield>
    <subfield code="h">Vol. 11, N&#xBA; 3 - jul./sep. 1998</subfield>
    <subfield code="l">0</subfield>
    <subfield code="o">H02 INF v11.n3</subfield>
    <subfield code="p">R09365</subfield>
    <subfield code="r">2026-04-10 16:07:55</subfield>
    <subfield code="w">2026-04-10</subfield>
    <subfield code="y">RN</subfield>
  </datafield>
  <datafield tag="952" ind1=" " ind2=" ">
    <subfield code="0">0</subfield>
    <subfield code="1">0</subfield>
    <subfield code="4">0</subfield>
    <subfield code="7">0</subfield>
    <subfield code="a">BCEJYS</subfield>
    <subfield code="b">BCEJYS</subfield>
    <subfield code="c">17</subfield>
    <subfield code="d">1995-07-01</subfield>
    <subfield code="h">Vol. 8, N&#xBA; 3 - jul./sep. 1995</subfield>
    <subfield code="l">0</subfield>
    <subfield code="o">H02 INF v8.n3</subfield>
    <subfield code="p">R00185</subfield>
    <subfield code="r">2026-04-10 16:07:55</subfield>
    <subfield code="w">2026-04-10</subfield>
    <subfield code="y">RN</subfield>
  </datafield>
  <datafield tag="952" ind1=" " ind2=" ">
    <subfield code="0">0</subfield>
    <subfield code="1">0</subfield>
    <subfield code="4">0</subfield>
    <subfield code="7">0</subfield>
    <subfield code="a">BCEJYS</subfield>
    <subfield code="b">BCEJYS</subfield>
    <subfield code="c">17</subfield>
    <subfield code="d">1995-04-01</subfield>
    <subfield code="h">Vol. 8, N&#xBA; 2 - abr./jun. 1995</subfield>
    <subfield code="l">0</subfield>
    <subfield code="o">H02 INF v8.n2</subfield>
    <subfield code="p">R00180</subfield>
    <subfield code="r">2026-04-10 16:07:55</subfield>
    <subfield code="w">2026-04-10</subfield>
    <subfield code="y">RN</subfield>
  </datafield>
  <datafield tag="952" ind1=" " ind2=" ">
    <subfield code="0">0</subfield>
    <subfield code="1">0</subfield>
    <subfield code="4">0</subfield>
    <subfield code="7">0</subfield>
    <subfield code="a">BCEJYS</subfield>
    <subfield code="b">BCEJYS</subfield>
    <subfield code="c">17</subfield>
    <subfield code="d">1995-01-01</subfield>
    <subfield code="h">Vol. 8, N&#xBA; 1 - ene./mar. 1995</subfield>
    <subfield code="l">0</subfield>
    <subfield code="o">H02 INF v8.n1</subfield>
    <subfield code="p">R00179</subfield>
    <subfield code="r">2026-04-10 16:07:55</subfield>
    <subfield code="w">2026-04-10</subfield>
    <subfield code="y">RN</subfield>
  </datafield>
  <datafield tag="952" ind1=" " ind2=" ">
    <subfield code="0">0</subfield>
    <subfield code="1">0</subfield>
    <subfield code="4">0</subfield>
    <subfield code="7">0</subfield>
    <subfield code="a">BCEJYS</subfield>
    <subfield code="b">BCEJYS</subfield>
    <subfield code="c">17</subfield>
    <subfield code="d">1993-10-01</subfield>
    <subfield code="h">Vol. 6, N&#xBA; 4 - oct./dic. 1993</subfield>
    <subfield code="l">0</subfield>
    <subfield code="o">H02 INF v6.n4</subfield>
    <subfield code="p">R09349</subfield>
    <subfield code="r">2026-04-10 16:07:55</subfield>
    <subfield code="w">2026-04-10</subfield>
    <subfield code="y">RN</subfield>
  </datafield>
  <datafield tag="952" ind1=" " ind2=" ">
    <subfield code="0">0</subfield>
    <subfield code="1">0</subfield>
    <subfield code="4">0</subfield>
    <subfield code="7">0</subfield>
    <subfield code="a">BCEJYS</subfield>
    <subfield code="b">BCEJYS</subfield>
    <subfield code="c">17</subfield>
    <subfield code="d">1993-07-01</subfield>
    <subfield code="h">Vol. 6, N&#xBA; 3 - jul./sep. 1993</subfield>
    <subfield code="l">0</subfield>
    <subfield code="o">H02 INF v6.n3</subfield>
    <subfield code="p">R00178</subfield>
    <subfield code="r">2026-04-10 16:07:55</subfield>
    <subfield code="w">2026-04-10</subfield>
    <subfield code="y">RN</subfield>
  </datafield>
  <datafield tag="952" ind1=" " ind2=" ">
    <subfield code="0">0</subfield>
    <subfield code="1">0</subfield>
    <subfield code="4">0</subfield>
    <subfield code="7">0</subfield>
    <subfield code="a">BCEJYS</subfield>
    <subfield code="b">BCEJYS</subfield>
    <subfield code="c">17</subfield>
    <subfield code="d">1993-01-01</subfield>
    <subfield code="h">Vol. 6, N&#xBA; 1 - ene./mar. 1993</subfield>
    <subfield code="l">0</subfield>
    <subfield code="o">H02 INF v6.n1</subfield>
    <subfield code="p">R09070</subfield>
    <subfield code="r">2026-04-10 16:07:55</subfield>
    <subfield code="w">2026-04-10</subfield>
    <subfield code="y">RN</subfield>
  </datafield>
</record>
